Giao tiếp tiếng Anh thật dễ dàng = Easy English conversation

Nội dung sách gồm các từ vựng, cấu trúc câu về chào hỏi, làm quen, cảm ơn - xin lỗi, lời mời, thời gian, mua sắm, đi ăn nhà hàng, giao thông, trò chuyện qua điện thoại, thời tiết, sức khỏe, tình yêu, diễn tả cảm xúc....

Popoln opis

Shranjeno v:
Bibliografske podrobnosti
Glavni avtor: Đỗ Nhung
Format: Knjiga
Jezik:Vietnamese
Izdano: H. Hồng Đức 2023
Izdaja:Tái bản lần thứ 1
Teme:
Oznake: Označite
Brez oznak, prvi označite!
Thư viện lưu trữ: Thư viện Trường Đại học Nam Cần Thơ
LEADER 01115nam a22002057a 4500
001 NCT_4_009708
008 240617b xxu||||| |||| 00| 0 vie d
999 |c 8428  |d 8428 
020 |a 9786043894868  |c 198000 
082 0 4 |2 23rd ed.  |a 428  |b Nh513 
100 1 |a Đỗ Nhung 
245 1 0 |a Giao tiếp tiếng Anh thật dễ dàng =  |b Easy English conversation  |c Đỗ Nhung 
250 |a Tái bản lần thứ 1 
260 |a H.  |b Hồng Đức  |c 2023 
300 |a 241 tr.  |b minh họa  |c 24cm 
520 3 |a Nội dung sách gồm các từ vựng, cấu trúc câu về chào hỏi, làm quen, cảm ơn - xin lỗi, lời mời, thời gian, mua sắm, đi ăn nhà hàng, giao thông, trò chuyện qua điện thoại, thời tiết, sức khỏe, tình yêu, diễn tả cảm xúc. 
653 |a Khoa học cơ bản 
942 |2 ddc  |c BK 
952 |0 0  |1 0  |2 ddc  |4 0  |6 428_000000000000000_NH513  |7 0  |9 29088  |a 000001  |b 000001  |d 2024-06-17  |o 428 Nh513  |p MD.22580  |r 2024-06-17  |v 198000.00  |w 2024-06-17  |y BK 
980 |a Thư viện Trường Đại học Nam Cần Thơ